000 00627nam a2200241Ia 4500
003 OSt
005 20221005092704.0
006 a|||||r|||| 00| 0
007 ta
008 221004b |||||||| |||| 00| 0 eng d
024 _a39645
037 _cTextual
040 _aCRL
_cCRL
_beng
041 _2eng
_aeng
082 _aO111,3M85,25, J3
100 _aLawrence D H
245 0 _aLady Chatterley's lover
260 _aNew York
_bSignest Book USA
_c1953
300 _a260p.
_ccm.
650 _aENGLISH LITERATURE
942 _hO111,3M85,25, J3
_cTEXL
_2cc
999 _c999220
_d999220